| 000 | 01140nam a2200289 4500 | ||
|---|---|---|---|
| 001 | 114095 | ||
| 003 | DR-UNIBE | ||
| 005 | 20250922095354.0 | ||
| 008 | 250922b2006 dr ||||| |||| 00| 0 spa d | ||
| 020 | _a9945859102 | ||
| 040 |
_aBIBLIOTECA UNIBE _bspa _cBIBLIOTECA UNIBE _erda |
||
| 041 | _aspa | ||
| 082 |
_222 _aRD 864.4 A742m |
||
| 100 | 1 | 0 |
_aArnaiz, Francisco José, S. J., _d1925-2014 _931996 _eautor |
| 245 | 1 | 3 |
_aLa madurez de los pueblos exige tiempo / _cFrancisco José Arnaiz |
| 250 | _aPrimera edición | ||
| 260 |
_a Santo Domigo : _bBanreservas , _c 2006 |
||
| 300 |
_a417 páginas : _bfotografía b/n ; _c23 x 14 cm |
||
| 500 | _aInformación del autor en la solapas | ||
| 650 | 7 |
_2lemb _aModales y costumbres _xEnsayos _9199342 |
|
| 650 | 7 |
_2lemb _zRepública Dominicana _xEnsayos _9199343 |
|
| 700 | 1 | 0 |
_aPinales, Jorge _9199340 _efotógrafo de portada |
| 700 | 1 | 0 |
_aLeón de Saleme, Ninón _9144875 _ediseñadpr _earte final |
| 700 | 1 | 0 |
_aChez Checo, José _q(Chez Checo, José Felipe), _d1949- _9193932 _ecuidado de la edición _ecorrector de pruebas |
| 700 | 1 | 0 |
_aToribio, Daniel _9157372 _ePresentación |
| 942 |
_2ddc _cBK |
||
| 999 |
_c114095 _d114095 |
||